[Event "Hillerod  Klubmesterskab Gruppe B"]
[Site "Hillerod"]
[Date "????.??.??"]
[Round "6"]
[White "Rasmussen, Ole"]
[Black "Malchau, Helge"]
[Result "1/2-1/2"]
[WhiteElo "1628"]
[BlackElo "1723"]
[PlyCount "44"]
[EventDate "2017.??.??"]
[EventType "tourn"]
[EventRounds "9"]
[EventCountry "DEN"]

1. e4 c6 2. d4 d5 3. Nc3 dxe4 4. Nxe4 Nd7 5. Nf3 Ngf6 6. Ng3 e6 7. Bd3 Be7 8.
O-O O-O 9. Re1 b6 10. Ne5 Bb7 11. a3 c5 12. Nxd7 Qxd7 13. dxc5 Qd5 14. Bf1 Qxd1
15. Rxd1 Bxc5 16. b4 Be7 17. c4 h6 18. Bb2 Rfd8 19. Be2 Ne4 20. Nxe4 Bxe4 21.
Rxd8+ Rxd8 22. Rd1 Rxd1+ 1/2-1/2

[Event "Hillerod  Klubmesterskab Gruppe B"]
[Site "Hillerod"]
[Date "????.??.??"]
[Round "6"]
[White "Sorensen, Bernhard W"]
[Black "Bagge, Kenny"]
[Result "1/2-1/2"]
[WhiteElo "1679"]
[BlackElo "1537"]
[PlyCount "36"]
[EventDate "2017.??.??"]
[EventType "tourn"]
[EventRounds "9"]
[EventCountry "DEN"]

1. d4 Nf6 2. Bf4 e6 3. e3 b6 4. Nf3 Bb7 5. Nbd2 d6 6. Bd3 Nbd7 7. h3 a6 8. O-O
Qe7 9. Bg5 h6 10. Bxf6 Nxf6 11. e4 g5 12. Nh2 h5 13. Qe2 Bh6 14. e5 dxe5 15.
Qxe5 O-O-O 16. Nb3 g4 17. h4 Nd5 18. g3 Nf6 1/2-1/2

[Event "Hillerod  Klubmesterskab Gruppe B"]
[Site "Hillerod"]
[Date "????.??.??"]
[Round "6"]
[White "Sorensen, Viggo"]
[Black "Langer, Peter"]
[Result "1-0"]
[WhiteElo "1718"]
[BlackElo "1563"]
[PlyCount "93"]
[EventDate "2017.??.??"]
[EventType "tourn"]
[EventRounds "9"]
[EventCountry "DEN"]

1. e4 c5 2. Nf3 d6 3. d4 cxd4 4. Nxd4 Nf6 5. Nc3 a6 6. Be3 e6 7. f3 Be7 8. Qd2
b5 9. O-O-O Bb7 10. g4 Nc6 11. h4 Nxd4 12. Qxd4 e5 13. Qd2 Rc8 14. h5 Qa5 15.
a3 h6 16. g5 hxg5 17. Bxg5 Qc7 18. Bxf6 gxf6 19. h6 Bf8 20. h7 Bg7 21. Qg2 Kf8
22. Bd3 f5 23. exf5 f6 24. Rdg1 Rd8 25. Be4 d5 26. Bd3 Qf7 27. Qf2 d4 28. Ne4
Bxe4 29. fxe4 Rd7 30. Kb1 Ke8 31. Qd2 Rd8 32. Qa5 Rd6 33. Be2 Kf8 34. Qb4 Qd7
35. a4 bxa4 36. Bxa6 Qc7 37. Qxa4 Qa7 38. Bb5 Qb7 39. Bd3 Rb6 40. Qa3+ Ke8 41.
b3 Qc7 42. Rxg7 Qxg7 43. Qa8+ Kf7 44. Qa7+ Kf8 45. Qxb6 Qg2 46. Qxf6+ Ke8 47.
Qxh8+ 1-0

[Event "Hillerod  Klubmesterskab Gruppe B"]
[Site "Hillerod"]
[Date "????.??.??"]
[Round "7"]
[White "Langer, Peter"]
[Black "Jahic, Afan"]
[Result "1-0"]
[WhiteElo "1563"]
[BlackElo "1375"]
[PlyCount "91"]
[EventDate "2017.??.??"]
[EventType "tourn"]
[EventRounds "9"]
[EventCountry "DEN"]

1. d4 Nf6 2. Bf4 e6 3. e3 c5 4. c3 Nc6 5. Be2 cxd4 6. exd4 b6 7. Nf3 Bb7 8. O-O
g6 9. Nbd2 Bg7 10. Bd6 Ne7 11. Nc4 O-O 12. Re1 Re8 13. a4 Nf5 14. Nfe5 Rc8 15.
Bd3 Ba6 16. Nxf7 Kxf7 17. Ne5+ Kg8 18. Bxa6 Nxd6 19. Bxc8 Qxc8 20. Qb3 Qb7 21.
f3 Nf5 22. Rad1 Bh6 23. c4 Be3+ 24. Rxe3 Nxe3 25. Qxe3 d6 26. Nd3 e5 27. Qg5
Kg7 28. dxe5 dxe5 29. Nxe5 Qc7 30. Re1 Nd7 31. f4 Qc5+ 32. Kf1 Nxe5 33. b3 Qd4
34. Rxe5 Qd3+ 35. Kf2 Qd4+ 36. Kg3 Qc3+ 37. Kh4 Rf8 38. Re7+ Rf7 39. Rxf7+ Kxf7
40. Qg3 Qf6+ 41. Qg5 Qc3 42. Qd5+ Kf8 43. Qa8+ Kg7 44. Qxa7+ Kh6 45. Qe7 Qxb3
46. Qf8# 1-0

[Event "Hillerod  Klubmesterskab Gruppe B"]
[Site "Hillerod"]
[Date "????.??.??"]
[Round "7"]
[White "Malchau, Helge"]
[Black "Sorensen, Bernhard W"]
[Result "1-0"]
[WhiteElo "1723"]
[BlackElo "1679"]
[PlyCount "63"]
[EventDate "2017.??.??"]
[EventType "tourn"]
[EventRounds "9"]
[EventCountry "DEN"]

1. d4 e6 2. c4 f5 3. Nf3 Nf6 4. g3 d5 5. Bg2 c6 6. b3 Bd6 7. O-O Qe7 8. a4 a5
9. Ba3 Ne4 10. c5 Bc7 11. Nfd2 Qf6 12. Bb2 Nxc5 13. Qc2 Ne4 14. f3 Nd6 15. e4
Qg6 16. Ba3 Nd7 17. exd5 exd5 18. Re1+ Kd8 19. Nc3 Qf6 20. Qd3 g6 21. Rac1 Bb6
22. Ne2 Re8 23. Kh1 Nf8 24. Bc5 Ra6 25. Bxb6+ Rxb6 26. Rc5 Ra6 27. Qc3 Ne6 28.
Rxa5 Nxd4 29. Rxa6 bxa6 30. Ne4 fxe4 31. Nxd4 Nb7 32. Nxc6+ 1-0

[Event "Hillerod  Klubmesterskab Gruppe B"]
[Site "Hillerod"]
[Date "????.??.??"]
[Round "7"]
[White "Pedersen, Jan"]
[Black "Rasmussen, Ole"]
[Result "*"]
[WhiteElo "1528"]
[BlackElo "1628"]
[PlyCount "82"]
[EventDate "2017.??.??"]
[EventType "tourn"]
[EventRounds "9"]
[EventCountry "DEN"]

1. d4 Nf6 2. c4 e6 3. Nc3 d5 4. cxd5 exd5 5. Nf3 c6 6. Bg5 Be7 7. e3 O-O 8. Bd3
Re8 9. Qc2 h6 10. Bf4 Bg4 11. Ne5 Be6 12. a3 Nbd7 13. Ne2 Nh5 14. O-O Nxe5 15.
Bxe5 Bd6 16. Bxd6 Qxd6 17. Rae1 Rac8 18. b4 Rf8 19. Ng3 Nxg3 20. fxg3 Qe7 21.
Bf5 Bxf5 22. Qxf5 Rce8 23. Qd3 g6 24. Rf4 Qg5 25. Ref1 Re6 26. R1f3 Qe7 27. Rh4
Kg7 28. Rhf4 Re4 29. Kf2 f5 30. Qe2 Re8 31. Rxe4 fxe4 32. Rf4 a5 33. Qb2 axb4
34. axb4 Ra8 35. Qb3 b5 36. Qc3 g5 37. Rf5 Qe6 38. Re5 Ra2+ 39. Ke1 Qf6 40. h4
Qf2+ 41. Kd1 Qf1+ 

*

[Event "Hillerod  Klubmesterskab Gruppe B"]
[Site "Hillerod"]
[Date "????.??.??"]
[Round "8"]
[White "Christophersen, David"]
[Black "Rasmussen, Ole"]
[Result "1/2-1/2"]
[WhiteElo "1794"]
[BlackElo "1628"]
[PlyCount "76"]
[EventDate "2017.??.??"]
[EventType "tourn"]
[EventRounds "9"]
[EventCountry "DEN"]

1. c4 e5 2. g3 Nf6 3. Bg2 Nc6 4. d3 Bb4+ 5. Nc3 O-O 6. Bd2 Re8 7. e4 Nd4 8. a3
Bf8 9. Nge2 c5 10. O-O Qb6 11. Rb1 d6 12. b4 Nxe2+ 13. Qxe2 a6 14. Be3 Qc7 15.
f4 cxb4 16. fxe5 dxe5 17. axb4 Be6 18. Nd5 Bxd5 19. exd5 Qd7 20. Qa2 e4 21. Bg5
exd3 22. Bxf6 gxf6 23. Rxf6 Re2 24. Qb3 d2 25. Bf3 Re1+ 26. Kg2 Qe7 27. Rf4
Rxb1 28. Qxb1 Re8 29. Rg4+ Kh8 30. Qb2+ f6 31. Re4 Qxe4 32. Bxe4 d1=Q 33. Qxf6+
Bg7 34. Qf3 Qd2+ 35. Kh3 Qxb4 36. Qf5 Kg8 37. Qxh7+ Kf8 38. Qf5+ Kg8 1/2-1/2

[Event "Hillerod  Klubmesterskab Gruppe B"]
[Site "Hillerod"]
[Date "????.??.??"]
[Round "8"]
[White "Jahic, Afan"]
[Black "Bagge, Kenny"]
[Result "0-1"]
[WhiteElo "1375"]
[BlackElo "1537"]
[PlyCount "44"]
[EventDate "2017.??.??"]
[EventType "tourn"]
[EventRounds "9"]
[EventCountry "DEN"]

1. e4 c5 2. Nf3 Nc6 3. d4 cxd4 4. Nxd4 e5 5. Nb5 a6 6. Nd6+ Bxd6 7. Qxd6 Qf6 8.
Qd1 Qg6 9. Nc3 Nf6 10. Bd3 Qxg2 11. Rf1 Nd4 12. Be3 Nf3+ 13. Ke2 Ng4 14. Bc5 d6
15. Nd5 dxc5 16. Nc7+ Kf8 17. Nxa8 Nfxh2 18. Bc4 Qxe4+ 19. Kd2 Nf3+ 20. Kc1
Qf4+ 21. Kb1 Nd2+ 22. Kc1 Nxc4+ 0-1

[Event "Hillerod  Klubmesterskab Gruppe B"]
[Site "Hillerod"]
[Date "????.??.??"]
[Round "8"]
[White "Nygaard, Soren"]
[Black "Langer, Peter"]
[Result "1/2-1/2"]
[WhiteElo "1754"]
[BlackElo "1563"]
[PlyCount "82"]
[EventDate "2017.??.??"]
[EventType "tourn"]
[EventRounds "9"]
[EventCountry "DEN"]

1. d4 Nf6 2. c4 e6 3. Nc3 Bb4 4. e3 b6 5. Nge2 Bb7 6. a3 Bxc3+ 7. Nxc3 O-O 8.
b4 d6 9. f3 Re8 10. Bd3 c5 11. O-O a6 12. Bb2 cxd4 13. exd4 Nbd7 14. Ne2 Rc8
15. Ng3 d5 16. c5 bxc5 17. bxc5 e5 18. Nf5 Re6 19. Nd6 Rb8 20. Bf5 Re7 21. Nxb7
Rxb7 22. Qd2 Rc7 23. Bc3 Rc6 24. Ba5 Qe8 25. Bb4 g6 26. Bc2 exd4 27. Rae1 Rxe1
28. Rxe1 Qc8 29. Ba4 Re6 30. Rxe6 fxe6 31. Bxd7 Nxd7 32. Qxd4 Qc6 33. f4 Qa4
34. Bc3 Qxd4+ 35. Bxd4 Nb8 36. Kf2 Kf7 37. Ke3 Nc6 38. g4 h6 39. h4 Ne7 40. Kd3
Nc6 41. Be5 h5 1/2-1/2

[Event "Hillerod  Klubmesterskab Gruppe B"]
[Site "Hillerod"]
[Date "????.??.??"]
[Round "8"]
[White "Sorensen, Bernhard W"]
[Black "Pedersen, Jan"]
[Result "1-0"]
[WhiteElo "1679"]
[BlackElo "1528"]
[PlyCount "107"]
[EventDate "2017.??.??"]
[EventType "tourn"]
[EventRounds "9"]
[EventCountry "DEN"]

1. d4 Nf6 2. Bf4 d5 3. e3 c5 4. c3 cxd4 5. exd4 e6 6. Nf3 Bd6 7. Bg3 Bxg3 8.
hxg3 O-O 9. Nbd2 Ng4 10. Ne5 Nxe5 11. dxe5 f5 12. Qh5 h6 13. Nf3 Bd7 14. Nd4
Nc6 15. O-O-O Nxd4 16. Rxd4 Be8 17. Qd1 Qg5+ 18. Rf4 Qd8 19. Rfh4 Qg5+ 20. Qd2
Qxd2+ 21. Kxd2 Rc8 22. f4 b5 23. a3 Rb8 24. g4 fxg4 25. Rxg4 a5 26. Rxh6 Rxf4
27. Rxf4 gxh6 28. Rf6 Bf7 29. Rxh6 b4 30. axb4 axb4 31. Bd3 bxc3+ 32. Kxc3 Rc8+
33. Kd2 Rb8 34. Kc1 Rb3 35. Rh3 Rb4 36. Rg3+ Kf8 37. Rf3 Ke7 38. g3 Rg4 39. Kd2
Rb4 40. Kc3 Rg4 41. b4 Bh5 42. b5 Rc4+ 43. Bxc4 Bxf3 44. Bd3 Bg4 45. Kd4 Kd7
46. Kc5 Kc7 47. Kd4 Kb6 48. Ke3 Bh5 49. Kf4 Be8 50. g4 Bxb5 51. Bxb5 Kxb5 52.
g5 Kc5 53. g6 d4 54. g7 1-0

[Event "Hillerod  Klubmesterskab Gruppe B"]
[Site "Hillerod"]
[Date "????.??.??"]
[Round "8"]
[White "Sorensen, Viggo"]
[Black "Malchau, Helge"]
[Result "1/2-1/2"]
[WhiteElo "1718"]
[BlackElo "1723"]
[PlyCount "42"]
[EventDate "2017.??.??"]
[EventType "tourn"]
[EventRounds "9"]
[EventCountry "DEN"]

1. e4 c6 2. d4 d5 3. Nc3 dxe4 4. Nxe4 Nd7 5. Nf3 Ngf6 6. Ng3 e6 7. Bg5 Be7 8.
Bd3 O-O 9. Qd2 a5 10. a4 b6 11. h4 Ba6 12. Bxa6 Rxa6 13. h5 h6 14. Bf4 Ra8 15.
O-O Nd5 16. Rad1 Nxf4 17. Qxf4 Nf6 18. Ne5 Rc8 19. Qf3 Qc7 20. Rfe1 Bd6 21. Ne4
Nxe4 1/2-1/2

[Event "Hillerod  Klubmesterskab Gruppe B"]
[Site "Hillerod"]
[Date "????.??.??"]
[Round "9"]
[White "Bagge, Kenny"]
[Black "Nygaard, Soren"]
[Result "0-1"]
[WhiteElo "1537"]
[BlackElo "1754"]
[PlyCount "48"]
[EventDate "2017.??.??"]
[EventType "tourn"]
[EventRounds "9"]
[EventCountry "DEN"]

1. e4 c5 2. Nf3 Nc6 3. d4 cxd4 4. Nxd4 Nf6 5. Nc3 e5 6. Ndb5 d6 7. Nd5 Nxd5 8.
exd5 Nb8 9. Qf3 Be7 10. Qc3 Na6 11. Be3 O-O 12. Nxa7 Nc5 13. Nb5 Bf5 14. Bxc5
dxc5 15. Qxe5 Bxc2 16. Qc3 Ba4 17. Bc4 Bf6 18. Qd2 Re8+ 19. Kf1 Qb6 20. Nc3 Bd7
21. g3 Qb4 22. Be2 Bh3+ 23. Kg1 Bxc3 24. bxc3 Qe4 0-1

[Event "Hillerod  Klubmesterskab Gruppe B"]
[Site "Hillerod"]
[Date "????.??.??"]
[Round "9"]
[White "Langer, Peter"]
[Black "Christophersen, David"]
[Result "1/2-1/2"]
[WhiteElo "1563"]
[BlackElo "1794"]
[PlyCount "77"]
[EventDate "2017.??.??"]
[EventType "tourn"]
[EventRounds "9"]
[EventCountry "DEN"]

1. d4 d5 2. Bf4 Nf6 3. e3 e6 4. Nf3 c5 5. c3 Nc6 6. Nbd2 Be7 7. Be2 O-O 8. h3
Nd7 9. O-O f6 10. dxc5 e5 11. Bg3 Nxc5 12. b4 Ne6 13. Qb3 Kh8 14. Rfd1 d4 15.
Ne4 f5 16. Nc5 Bxc5 17. bxc5 Nxc5 18. Qc4 Qe7 19. cxd4 exd4 20. Nxd4 Nxd4 21.
Qxd4 Ne6 22. Qe5 Bd7 23. Bf3 Rae8 24. Rab1 b6 25. Bh5 Rc8 26. Bf3 Rc5 27. Qd6
Qxd6 28. Bxd6 Rfc8 29. Bxc5 Nxc5 30. Rbc1 Be6 31. Bd5 Bd7 32. Kf1 g6 33. Bf3
Bb5+ 34. Be2 Bc6 35. Rd6 Ba4 36. Bd1 Bb5+ 37. Kg1 Kg7 38. Bb3 Rc7 39. Rcd1
1/2-1/2

[Event "Hillerod  Klubmesterskab Gruppe B"]
[Site "Hillerod"]
[Date "????.??.??"]
[Round "9"]
[White "Malchau, Helge"]
[Black "Jahic, Afan"]
[Result "1/2-1/2"]
[WhiteElo "1723"]
[BlackElo "1375"]
[PlyCount "47"]
[EventDate "2017.??.??"]
[EventType "tourn"]
[EventRounds "9"]
[EventCountry "DEN"]

1. d4 Nf6 2. c4 c5 3. e3 cxd4 4. exd4 d6 5. Nf3 g6 6. Be2 Bg7 7. O-O O-O 8. Nc3
Bf5 9. Bd3 Bxd3 10. Qxd3 Nbd7 11. Re1 Re8 12. b3 Rc8 13. Bb2 Qb6 14. Na4 Qc7
15. Re2 e5 16. dxe5 dxe5 17. Nd2 Nc5 18. Nxc5 Qxc5 19. Ne4 Nxe4 20. Qxe4 Rc7
21. Rd1 a6 22. Rd5 Qc6 23. Bxe5 Rce7 24. Qd4 1/2-1/2

[Event "Hillerod  Klubmesterskab Gruppe B"]
[Site "Hillerod"]
[Date "????.??.??"]
[Round "9"]
[White "Pedersen, Jan"]
[Black "Sorensen, Viggo"]
[Result "1-0"]
[WhiteElo "1528"]
[BlackElo "1718"]
[PlyCount "135"]
[EventDate "2017.??.??"]
[EventType "tourn"]
[EventRounds "9"]
[EventCountry "DEN"]

1. d4 f5 2. c4 Nf6 3. Nc3 g6 4. Bf4 Bg7 5. e3 d6 6. Nf3 O-O 7. Be2 Qe8 8. O-O
Na6 9. a3 c5 10. dxc5 Nxc5 11. Rb1 Bd7 12. b4 Ne6 13. Nd5 Nh5 14. Qd2 Rc8 15.
Rfc1 h6 16. h4 Nhxf4 17. Nxf4 g5 18. Nxe6 Bxe6 19. hxg5 Qg6 20. gxh6 Bxh6 21.
g3 f4 22. Kg2 fxe3 23. fxe3 Qe4 24. Qd3 Qxd3 25. Bxd3 Bxe3 26. Re1 Bxc4 27.
Bxc4+ Rxc4 28. Rxe3 Rc2+ 29. Kg1 e5 30. Rd1 e4 31. Rd2 Rc1+ 32. Ne1 Rfc8 33.
Rxe4 R8c3 34. Kf2 Rxa3 35. Rxd6 Ra2+ 36. Kf1 Rh2 37. Rh4 Rb2 38. Rd8+ Kg7 39.
Rd7+ Kg6 40. Rxb7 Rbb1 41. Re7 Kf6 42. Rhe4 Rxb4 43. Rxb4 Kxe7 44. Rb7+ Kf6 45.
Rxa7 Rc3 46. Kg2 Rc1 47. Nd3 Rc2+ 48. Kh3 Rc8 49. g4 Rc3 50. Rd7 Ke6 51. Rd8
Ke7 52. Rd4 Ke6 53. Kh4 Kf6 54. g5+ Kg7 55. Kh5 Rc2 56. Rd7+ Kf8 57. Kg6 Rd2
58. Ne5 Re2 59. Kf6 Rf2+ 60. Ke6 Ra2 61. g6 Ra6+ 62. Kf5 Ra1 63. g7+ Kg8 64.
Ng4 Ra5+ 65. Kf6 Ra6+ 66. Kg5 Ra5+ 67. Kg6 Rd5 68. Nf6# 1-0

[Event "Hillerod  Klubmesterskab Gruppe B"]
[Site "Hillerod"]
[Date "????.??.??"]
[Round "9"]
[White "Rasmussen, Ole"]
[Black "Sorensen, Bernhard W"]
[Result "0-1"]
[WhiteElo "1628"]
[BlackElo "1679"]
[PlyCount "34"]
[EventDate "2017.??.??"]
[EventType "tourn"]
[EventRounds "9"]
[EventCountry "DEN"]

1. c4 f5 2. Nf3 e6 3. Nc3 Nf6 4. d4 d5 5. cxd5 exd5 6. Bg5 c6 7. e3 Be7 8. Bd3
O-O 9. Qc2 Ne4 10. Bxe7 Qxe7 11. Ne5 Nd7 12. Nxd7 Bxd7 13. O-O Qg5 14. Ne2 Rf6
15. f4 Qg4 16. Rf3 Rg6 17. Nc3 Qxf3 0-1